Optimální programování Pro fakultu obchodní

Salvato in:
Dettagli Bibliografici
Autore principale: Jablonský, Josef
Ente Autore: Vysoká škola ekonomická v Praze. Fakulta řízení
Altri autori: Pelzbauerová, Věra
Natura: Libro
Lingua:ceco
Pubblicazione: Praha Státní pedagogické nakladatelství 1988
Edizione:1. vyd.
Tags: Aggiungi Tag
Nessun Tag, puoi essere il primo ad aggiungerne!!

MARC

LEADER 00000nam a2200000 4500
001 c034845
005 20221219085446.5
041 0 |a cze 
044 |a CZ 
245 1 0 |a Optimální programování  |b Pro fakultu obchodní  |c Josef Jablonský, Věra Pelzbauerová 
250 |a 1. vyd. 
264 1 |a Praha  |b Státní pedagogické nakladatelství  |c 1988 
300 |a 215 s. 
100 1 |a Jablonský, Josef 
700 1 |a Pelzbauerová, Věra 
710 2 |a Vysoká škola ekonomická v Praze. Fakulta řízení